<?xml version="1.0" encoding="UTF-8"?>
<record
    xmlns:xsi="http://www.w3.org/2001/XMLSchema-instance"
    xsi:schemaLocation="http://www.loc.gov/MARC21/slim http://www.loc.gov/standards/marcxml/schema/MARC21slim.xsd"
    xmlns="http://www.loc.gov/MARC21/slim">

  <leader>01604cam a22002657a 4500</leader>
  <controlfield tag="001">573384</controlfield>
  <controlfield tag="005">20220326193318.0</controlfield>
  <controlfield tag="008">891002s1988    sz a          000 0 ger  </controlfield>
  <datafield tag="010" ind1=" " ind2=" ">
    <subfield code="a">   89190828 </subfield>
  </datafield>
  <datafield tag="020" ind1=" " ind2=" ">
    <subfield code="a">3906554023</subfield>
  </datafield>
  <datafield tag="040" ind1=" " ind2=" ">
    <subfield code="a">DLC</subfield>
    <subfield code="c">DLC</subfield>
    <subfield code="d">DLC</subfield>
  </datafield>
  <datafield tag="043" ind1=" " ind2=" ">
    <subfield code="a">e------</subfield>
  </datafield>
  <datafield tag="082" ind1=" " ind2=" ">
    <subfield code="a">633.73</subfield>
    <subfield code="b">S362w</subfield>
  </datafield>
  <datafield tag="100" ind1="2" ind2=" ">
    <subfield code="a">Schnyder-Von Waldkirch, Antoinette.</subfield>
    <subfield code="9">2433</subfield>
  </datafield>
  <datafield tag="245" ind1="1" ind2="0">
    <subfield code="a">Wie Europa den Kaffee entdeckte :</subfield>
    <subfield code="b">Reiseberichte der Barockzeit als Quellen zur Geschichte des Kaffees /</subfield>
    <subfield code="c">Antoinette Schnyder-v. Waldkirch ; [Redaktion, Katerina Vatsella].</subfield>
  </datafield>
  <datafield tag="260" ind1=" " ind2=" ">
    <subfield code="a">Z&#xFC;rich :</subfield>
    <subfield code="b">Jacobs Suchard Museum, Sammlung zur Kulturgeschichte des Kaffees,</subfield>
    <subfield code="c">c1988.</subfield>
  </datafield>
  <datafield tag="300" ind1=" " ind2=" ">
    <subfield code="a">255 p. :</subfield>
    <subfield code="b">ill. (some col.) ;</subfield>
    <subfield code="c">25 cm.</subfield>
  </datafield>
  <datafield tag="490" ind1="0" ind2=" ">
    <subfield code="a">Ver&#xF6;ffentlichungen des Jacobs Suchard Museums zur Kulturgeschichte des Kaffees ;</subfield>
    <subfield code="v">Bd. 1, 1988</subfield>
  </datafield>
  <datafield tag="505" ind1=" " ind2=" ">
    <subfield code="t">Die Entdeckung des Kaffees durch europaische Orientreisende</subfield>
    <subfield code="t">Texte Zur Entdeckungsgeschichte des Kaffees </subfield>
    <subfield code="t">Erste publikationen uber Kaffe</subfield>
    <subfield code="t">Berichte uber  Kaffe und Kaffehauser in den groben Zentren der orientalischen welt </subfield>
    <subfield code="t">Der Kaffe in sitte und Brauch der islamischen welt </subfield>
    <subfield code="t">Biographische Angaben Zu den Autoren der Reiseberichte </subfield>
    <subfield code="t">Angaben zu Autoren, die Orientreiseberichte ihrer Zeit zu Botanischen und propagandistischen Werken uber Kaffee verarbeiteten </subfield>
    <subfield code="t">Bibliographie</subfield>
    <subfield code="t">Namen-und Ortsregister </subfield>
    <subfield code="t">Karte </subfield>
  </datafield>
  <datafield tag="650" ind1=" " ind2="0">
    <subfield code="a">Coffee</subfield>
    <subfield code="x">History</subfield>
    <subfield code="z">Europe.</subfield>
    <subfield code="9">2434</subfield>
  </datafield>
  <datafield tag="650" ind1=" " ind2="0">
    <subfield code="a">Coffee industry</subfield>
    <subfield code="x">History</subfield>
    <subfield code="z">Europe.</subfield>
    <subfield code="9">2435</subfield>
  </datafield>
  <datafield tag="700" ind1="1" ind2=" ">
    <subfield code="a">Vatsella, Katerina,</subfield>
    <subfield code="d">1952-</subfield>
    <subfield code="9">2436</subfield>
  </datafield>
  <datafield tag="906" ind1=" " ind2=" ">
    <subfield code="a">7</subfield>
    <subfield code="b">cbc</subfield>
    <subfield code="c">orignew</subfield>
    <subfield code="d">4</subfield>
    <subfield code="e">ncip</subfield>
    <subfield code="f">19</subfield>
    <subfield code="g">y-gencatlg</subfield>
  </datafield>
  <datafield tag="999" ind1=" " ind2=" ">
    <subfield code="c">528</subfield>
    <subfield code="d">528</subfield>
  </datafield>
  <datafield tag="952" ind1=" " ind2=" ">
    <subfield code="0">0</subfield>
    <subfield code="1">0</subfield>
    <subfield code="2">ddc</subfield>
    <subfield code="4">0</subfield>
    <subfield code="7">0</subfield>
    <subfield code="a">LV</subfield>
    <subfield code="b">LV</subfield>
    <subfield code="c">Pensamiento</subfield>
    <subfield code="d">2015-04-17</subfield>
    <subfield code="l">0</subfield>
    <subfield code="o">633.73 S362w</subfield>
    <subfield code="p">000469</subfield>
    <subfield code="r">2015-04-17 00:00:00</subfield>
    <subfield code="w">2015-04-17</subfield>
    <subfield code="y">01</subfield>
  </datafield>
</record>
